000 00623cam a2200193 4500500
005 20260329004050.0
041 _afre
042 _adc
100 1 0 _aNicolas, Ariane
_eauthor
245 0 0 _aDe Disruption à prosommateur : 40 mots-clés pour le monde de demain ?
260 _c2018.
500 _a57
690 _aCatherine Portevin
690 _aDictionnaire
690 _aJargon
690 _aSébastien Claeys
786 0 _nPhilosophie magazine | 120 | 6 | 2018-06-01 | p. 42-42 | 1951-1787
856 4 1 _uhttps://shs.cairn.info/magazine-philosophie-magazine-2018-6-page-42?lang=fr&redirect-ssocas=7080
999 _c1830309
_d1830309